[Declamationes Aliquot Theologicae, denuo ab authore recognitae... Avthore Floriano Treflero Benedictenpurano Coenobita]

Bibliographic Details
Main Author: Treffler, Florian (Author, Dedicator)
Corporate Author: Datz, Kaspar (Augsburg, Nemecko) (Printer)
Other Authors: Datz, Kaspar (Printer)
Format: Book
Language:Latin
PhysicalDescription:A1-2, B8-Z8, Aa8-Gg3 [=234] listov zachovaných 8° 15 cm
Published: [Augsburg] (Impressum per Casparum Datz) (Anno à Christi nato Millesimo quingentesimo quadragesimo tertio [=1543] Mense Aprili)
Subjects:

MARC

LEADER 00000nam a2200000 a 4500
001 vtls011835867
003 SK-MaSNL
005 20260301184148.0
008 251112 1543 gw 001 0 lat
015 |a SNBHFA1543 
020 |q (viaz.) 
035 |a urn:nbn:sk:snk-am00eep9 
035 |a urn:nbn:sk:snk-am3ihxp 
035 |a 31B51959-4DE4-4761-82FC-B16A640AA1EB 
040 |a SNKHF  |b slo  |c SNK  |e AACR2 
041 |a lat 
044 |a gw  |c DE 
072 7 |a 2-1  |x Prirodzená teológia. Náboženská filozofia  |2 konspekt 
080 |a 2-1  |2 2011 
080 |a 808.5  |2 2011 
080 |a 94(3)  |2 2011 
100 1 |a Treffler, Florian  |4 aut  |4 dto  |9 560366 
245 1 0 |a [Declamationes Aliquot Theologicae, denuo ab authore recognitae... Avthore Floriano Treflero Benedictenpurano Coenobita] 
260 |a [Augsburg]  |b (Impressum per Casparum Datz)  |c (Anno à Christi nato Millesimo quingentesimo quadragesimo tertio [=1543] Mense Aprili) 
300 |a A1-2, B8-Z8, Aa8-Gg3 [=234] listov zachovaných  |c 8°  |c 15 cm 
500 |a V texte drevorezy, typografické ozdoby, kustódy 
504 |a Marginálie 
508 |a Dedikácia: Treffler, Florian; Albrecht V. - knieža bavorský 
510 4 |a VD 16 T/1856 
546 |a Latinčina  |b Kurzíva 
561 |a Z knižnice františkánov Bratislava.  |5 SNK IE 10332 
561 |a Proveniencia: Oválna pečiatka Bibliotheca O. FF. M. Prov. Mariae.  |5 SNK IE 10332 
562 |a Defekt: Chýba titulný list a začiatok knihy.  |5 SNK IE 10332 
563 |a Väzba: pôvodná, bledá hladká koža, poškodená.  |5 SNK IE 10332 
650 0 7 |a teológia  |2 SNKPH  |9 1814 
650 0 7 |a rétorika  |2 SNKPH  |9 989 
650 0 7 |a starovek  |2 SNKPH  |9 4258 
700 1 |a Albrecht  |b V.,  |c bavorské knieža,  |d 1528-1579  |4 hnr  |9 181805 
700 1 |a Datz, Kaspar  |4 prt  |9 560367 
710 1 |a Františkáni (Bratislava, Slovensko)  |4 fmo  |9 281881 
710 0 |a Datz, Kaspar (Augsburg, Nemecko),  |d 1534 - 1543  |4 prt  |9 560368 
752 |a Nemecko  |d Augsburg 
852 |a snk  |b Historické fondy  |p IE 10332 
958 |a ONDV 
999 |c 859629  |d 861559 
952 |t Fr Ba 1196  |a SNK  |b SNK  |c SNK_HF  |y PREZ  |7 0  |p 17A1354519  |o snkIE 10332  |i snk2019/1709  |8 5  |0 0  |1 0  |4 0  |d 2019-01-22  |f 1  |l 0  |r 2026-02-24 05:08:05  |w 2026-02-24